La oscuridad de los colores / (Registro nro. 3269)
[ vista simple ]
| 000 -LEADER | |
|---|---|
| fixed length control field | 01058nam a2200193 a 4500 |
| 008 - CAMPO DE CONTROL (LIBRO) | |
| fixed length control field | 190917e2020 ag |||g |||| 001 0 spa d |
| 020 ## - INTERNATIONAL STANDARD BOOK NUMBER | |
| ISBN | 9789875457942 |
| 041 ## - CODIGO DE IDIOMA | |
| Código de idioma del texto/pista de sonido o título separado | spa |
| 092 ## - SIGNATURA TOPOGRAFICA DEWEY LOCAL | |
| número de clasificación | 808 |
| libristica | 7 |
| sección | BLA |
| 100 1# - ENTRADA PRINCIPAL--NOMBRE PERSONAL | |
| Nombre personal | Blasco, Martín. |
| 9 (RLIN) | 4318 |
| 245 #3 - TITULO PROPIAMENTE DICHO | |
| Título | La oscuridad de los colores / |
| Mención de responsabilidad y remanente de la transcripción de la portada | Martín Blasco |
| 250 ## - MENCION DE EDICION | |
| Mención de edición | 2a ed. 1a reimp. |
| 260 ## - PIE DE IMPRENTA | |
| Lugar de publicación, distribución, etc | Buenos Aires: |
| Nombre de la editorial, distribuidor, etc | Norma; |
| Fecha de publicación | 2020. |
| 300 ## - DESCRIPCION FISICA | |
| Extension | 248 p. |
| Dimensiones | 21x14 cm. |
| 500 ## - NOTA GENERAL | |
| Nota general | Blasco, M. (2020). La oscuridad de los colores. (2a ed.). Buenos Aires : Norma. |
| 505 ## - NOTA DE CONTENIDO | |
| Nota de contenido formateada | En 1910, una Buenos Aires feliz se prepara para los festejos del primer Centenario. Alejandro, un joven periodista, recibe un encargo tan siniestro como perturbador: investigar la desaparición de cinco niños ocurrida más de dos décadas atrás. <br/>Una joven que no recuerda nada de su vida, un hombre que se comporta como un perro y las oníricas imágenes de una sesión de hipnosis,son las pistas que guiarán a Alejandro, y también al lector, hacia un final completamente inesperado. |
| 655 ## - MATERIA - GENERO/FORMA | |
| Género/Forma | Literatura |
| -- | 2917 |
| 942 ## - ADDED ENTRY ELEMENTS (KOHA) | |
| Source of classification or shelving scheme | Dewey Decimal Classification |
| Item type | LITERATURA |
| Estado de retiro | Existencia | Fuente de clasificación | Estado general | No para prestamo | Ubicación permanente | ubicación actual | Sala de ubicación | Fecha de adquisición | Fuente de adquisición | Total Checkouts | Número de clasificación | Código de barras | Date last seen | Número de ejemplar | Price effective from | Koha tipo de elemento (item) | Public note | Coded location qualifier |
|---|---|---|---|---|---|---|---|---|---|---|---|---|---|---|---|---|---|---|
| Dewey Decimal Classification | Biblioteca Medicina | Biblioteca Medicina | Circulación | 16/05/2025 | Donación Mayo 2025. Silva, Zamira Florencia. | 808 7 BLA | 5030 | 16/05/2025 | Ej. 1 | 16/05/2025 | LITERATURA | Donación Mayo 2025. Silva, Zamira Florencia. Sede Tordos. |